Statistics for New Hollywood Movies

Click here to take the quiz!

General Stats

  • This quiz has been taken 57 times
  • The average score is 7 of 12

Answer Stats

HintAnswer% Correct
Ben is seduced by Mrs. RobinsonThe Graduate
98%
He was in Vietnam, he can't sleep at night, and his cab is a driving brothelTaxi Driver
82%
Wyatt, Billy and George are "Born To Be Wild"Easy Rider
72%
Jimmy "Poppeye" chases a French drug lordFrench Connection
72%
"Forget it, Jake, it's -"Chinatown
70%
Frank is the only cop in New York who's not corruptSerpico
68%
She's old, he's young, and they're both fascinated by deathHarold and Maude
66%
Bob Woodward and Carl Bernstein find out about WatergateAll the President's Men
64%
The would-be gigolo's friend doesn't make it to FloridaMidnight Cowboy
60%
On the way to his dying father, Robert gets really upset when he wants to order a Chicken SaladFive Easy Pieces
34%
Harry Caul is the best bugger on the west coastThe Conversation
30%
Philip Marlowe lives in the 70s and is played by Elliott GouldThe Long Goodbye
28%

Score Distribution

Percentile by Number Answered

Percent of People with Each Score

Your Score History

You have not taken this quiz